When protest becomes crime: politics and law in liberal democracies (Record no. 1225807)

MARC details
000 -LEADER
fixed length control field 00675nam a2200229Ia 4500
005 - DATE AND TIME OF LATEST TRANSACTION
control field 20241129105747.0
008 - FIXED-LENGTH DATA ELEMENTS--GENERAL INFORMATION
fixed length control field 241129s9999||||xx |||||||||||||| ||und||
020 ## - INTERNATIONAL STANDARD BOOK NUMBER
International Standard Book Number 978-0-7453-4004-3
037 ## - SOURCE OF ACQUISITION
Stock number TB
040 ## - CATALOGING SOURCE
Original cataloging agency ARTS
Language of cataloging eng
Transcribing agency ARTS
041 ## - LANGUAGE CODE
Language code of text/sound track or separate title eng
Source of code eng
084 ## - COLON CLASSIFICATION NUMBER
Classification number W0aZ R0
Assigning agency ARTS
100 ## - MAIN ENTRY--PERSONAL NAME
Personal name Terwindt Carolijn Au.
9 (RLIN) 599350
245 #0 - TITLE STATEMENT
Title When protest becomes crime: politics and law in liberal democracies
Statement of responsibility, etc. Terwindt Carolijn Au.
260 ## - PUBLICATION, DISTRIBUTION, ETC.
Place of publication, distribution, etc. UK
Name of publisher, distributor, etc. Pluto Press
Date of publication, distribution, etc. 2020
300 ## - PHYSICAL DESCRIPTION
Extent xi,281p.
365 ## - TRADE PRICE
Price type code UKP
Price amount 29.99
490 ## - SERIES STATEMENT
Series statement Anthropology,culture and society
650 ## - SUBJECT ADDED ENTRY--TOPICAL TERM
Topical term or geographic name entry element Political Science
942 ## - ADDED ENTRY ELEMENTS (KOHA)
Koha item type Textbook
Classification part W0aZ R0

No items available.

Copyright @ Delhi University Library System